| 000 | 01097nac a22002651u 4500 | ||
|---|---|---|---|
| 010 | _a 93026956 | ||
| 020 | _a0131564234 | ||
| 020 | _a0130980218 | ||
| 082 | 0 | 0 |
_a320 _bR821 |
| 090 |
_c4268 _d4268 |
||
| 100 | _aRoskin, Michael G. | ||
| 245 | 0 | 0 |
_aPolitical science : _ban introduction / _cMichael G. Roskin ... [et al.]. |
| 250 | _a5th ed. | ||
| 260 |
_aEnglewood Cliffs, N.J. : _bPrentice Hall, _cc1994. |
||
| 300 |
_axiv, 402 p. : _bill. ; _c25 cm. |
||
| 504 | _aIncludes bibliographical references and index. | ||
| 650 | 0 | _aPolitical science. | |
| 700 | 1 | _aCord, Robert L. | |
| 700 | 1 | _aMedeiros, James A. | |
| 700 | 1 | _aJones, Walter S. | |
| 942 |
_cBB _k320R821 |
||
| 999 |
_c4268 _d4268 |
||